Introduction to tantras and their philosophy (Record no. 132835)

MARC details
000 -LEADER
fixed length control field 00369nam a2200133Ia 4500
005 - DATE AND TIME OF LATEST TRANSACTION
control field 20240821155813.0
008 - FIXED-LENGTH DATA ELEMENTS--GENERAL INFORMATION
fixed length control field 240821s9999||||xx |||||||||||||| ||und||
082 ## - DEWEY DECIMAL CLASSIFICATION NUMBER
Classification number 294.5514 PUS
100 ## - MAIN ENTRY--PERSONAL NAME
Personal name Pushpendra Kumar
245 #0 - TITLE STATEMENT
Title Introduction to tantras and their philosophy
260 ## - PUBLICATION, DISTRIBUTION, ETC.
Place of publication, distribution, etc. New Delhi
Name of publisher, distributor, etc. Rashtriya Sanskrit Sansthan
Date of publication, distribution, etc. 1998
650 ## - SUBJECT ADDED ENTRY--TOPICAL TERM
Topical term or geographic name entry element Philosophy
942 ## - ADDED ENTRY ELEMENTS (KOHA)
Koha item type Book
Holdings
Withdrawn status Lost status Damaged status Not for loan Home library Current library Date acquired Total checkouts Barcode Date last seen Price effective from Koha item type
        Library and Documentation Division NCERT Library and Documentation Division NCERT 08/21/2024   120721 08/21/2024 08/21/2024 Book